Heimische Vogelarten mit Pflanze im Namen - Statistiken

Allgemein
  • Dieses Quiz wurde 101 mal gespielt
  • Das Durchschnittsergebnis liegt bei 5 aus 14
Antwortstatistiken
Antwort % Korrekt
Eichelhäher
73%
Buchfink
68%
Tannenmeise
49%
Tannenhäher
41%
Fichtenkreuzschnabel
37%
Wacholderdrossel
35%
Erlenzeisig
33%
Schilfrohrsänger
29%
Birkenzeisig
28%
Weidenmeise
25%
Birkhuhn
24%
Haselhuhn
21%
Misteldrossel
21%
Seggenrohrsänger
9%
Keine übereinstimmenden Quizze gefunden
Verteilung der Resultate
Anzahl Personen mit jedem Resultat
Perzentil nach korrekt beantworteten Fragen
Ihre Resultats-Entwicklung
Sie haben dieses Quiz noch nicht gespielt